La ciudad está triste /

Detalles Bibliográficos
Autor principal: Díaz Eterovic, Ramón, 1956-
Formato: Electrónico eBook
Lenguaje:español
Publicado: Villa María, Córdoba, Argentina EDUVIM, Editorial Universitaria Villa María, 2010.
Colección:Colección Tinta roja 3.
Materias:
Acceso en línea:Digitalia Hispánica

MARC

LEADER 00000nam a2200000Ii 4500
001 DIGEDUV0055
003 NyNyDIG
006 m o d
007 cr |||||||||||
008 140201s2010 ag ob 000 1 spa d
020 |a 9789871868223  |q (eBook) 
020 |z 9789871727087 
020 |z 9871727089 
035 |a (OCoLC)849487855 
040 |a DGITA  |b eng  |e pn  |c DGITA 
050 1 4 |a PQ8098.14.I15 eBook 
100 1 |a Díaz Eterovic, Ramón,  |d 1956-  
245 1 3 |a La ciudad está triste /  |c Ramón Díaz Eterovic. 
264 1 |a Villa María, Córdoba, Argentina   |b EDUVIM, Editorial Universitaria Villa María,  |c 2010.  
300 |a 1 online resource (77 pages)  
336 |a text  |b txt  |2 rdacontent 
337 |a computer  |b c  |2 rdamedia 
338 |a online resource  |b cr  |2 rdacarrier 
500 |a First published: Santiago, Chile : Editorial Sinfronteras, 1987 and Santiago de Chile : LOM Ediciones, 2000. 
490 1 |a Tinta roja  |v 3. 
650 0 |a Chilean fiction  |y 21st century. 
655 0 |a Detective and mystery stories.  
655 0 |a Electronic books. 
791 2 |a Digitalia (Firm),  |e distributor. 
830 0 |a Colección Tinta roja  |v 3. 
793 0 |g Digitalia eBook Collection:  |a Ediciones Eduvim 
856 4 0 |3 Digitalia Hispánica  |u https://www.digitaliapublishing.com/a/14484/ 
910 |a Premium Collection: 2007-2012